Malaysia State or Indonesia Province? - Statistics

General Stats
  • This quiz has been taken 75 times
  • The average score is 14 of 15
Answer Stats
Question Answer % Correct
Jakarta Indonesia Province
99%
Kuala Lumpur Malaysia State
99%
Johor Malaysia State
99%
Banten Indonesia Province
97%
Sabah Malaysia State
97%
Riau Indonesia Province
96%
Gorontalo Indonesia Province
96%
Selangor Malaysia State
94%
Sulawesi Tenggara Indonesia Province
93%
Lampung Indonesia Province
93%
Negeri Sembilan Malaysia State
93%
Penang Malaysia State
93%
Pahang Malaysia State
91%
Labuan Malaysia State
90%
Maluku Indonesia Province
88%
No matching quizzes found
Score Distribution
Percent of People with Each Score
Percentile by Number Answered
Your Score History
You have not taken this quiz